000 00717nam a22001577a 4500
005 20250528120454.0
008 250528b |||||||| |||| 00| 0 eng d
082 _223rd.
_aN334
_bT651n
100 1 _aतिमल्सिना, अमृतनाथ
241 _aNepal paristhiti ra sahakari sandarbha / Amrit Nath Timalsina.
245 _aनेपाली परिस्थिति र सहकारी सन्दर्भ /
_cअमृतनाथ तिमल्सिना.
260 _aललितपुर :
_bकमलजीवी कहुमुखी सहकारी संस्था,
_c२०७०वि.
300 _a111p.
650 _aसहकारी
_937385
942 _2ddc
_cISBN
999 _c122796
_d122784